E-commerce as an Element of the Global Trade System

Niektoré krajiny dynamicky zavádzajú elektronický obchod do medzinárodných obchodných vzťahov, zatiaľ čo ostatné sú stále opatrné. Skúmanie elektronického obchodu ako novej formy ekonomických vzťahov podnikateľských subjektov v podmienkach globálneho obchodného systému. Analýza súčasného stavu a dyn...

Descrizione completa

Salvato in:
Dettagli Bibliografici
Autore principale: Yatsenko, Olha M.
Altri autori: Hriazina, Anastasiia S., Shevchyk, Oksana O.
Natura: Capitolo di libro
Lingua:ucraino
Soggetti:
Tags: Aggiungi Tag
Nessun Tag, puoi essere il primo ad aggiungerne!!

MARC

LEADER 00000naa a2200000 4500
001 0264215
005 20200616092800.5
041 0 |a ukr 
044 |a UA 
245 1 0 |a E-commerce as an Element of the Global Trade System  |c Olha M. Yatsenko, Anastasiia S. Hriazina, Oksana O. Shevchyk 
520 |a Niektoré krajiny dynamicky zavádzajú elektronický obchod do medzinárodných obchodných vzťahov, zatiaľ čo ostatné sú stále opatrné. Skúmanie elektronického obchodu ako novej formy ekonomických vzťahov podnikateľských subjektov v podmienkach globálneho obchodného systému. Analýza súčasného stavu a dynamiky rozvoja elektronického obchodu vo svete. Identifikácia trendov a faktorov, ktoré ovplyvňujú rozvoj a transformáciu elektronického obchodu. Výhody a nevýhody elektronického obchodu. 
610 2 0 |a obchod elektronický 
610 2 0 |a globalizácia 
610 2 0 |a obchod medzinárodný 
610 2 0 |a politika obchodná 
610 2 0 |a digitalizácia 
610 2 0 |a vzťahy obchodné 
610 2 0 |a technológie informačné 
610 2 0 |a technológie komunikačné 
100 1 |a Yatsenko, Olha M. 
700 1 |a Hriazina, Anastasiia S. 
700 1 |a Shevchyk, Oksana O.